000 00908nam a2200277 i 4500
003 DO-SdBNP
005 20251208091650.0
007 ta
008 220426e2012 dr a|||grc||| 001 0 spa d
020 _a9789945882001
040 _aDO-SdBNP
_bspa
_cBNPHU
_erda
050 _aspa
082 4 _a709.7293
_bT337a
_222
110 2 _aCentro Cultural Eduardo León Jimenes
_956909
245 0 0 _aTesoros del Arte Taíno
264 _aSantiago de los Caballeros, República Dominicana :
_bCentro Cultural Eduardo León Jimenes,
_c2012.
300 _a157 páginas :
_bilustraciones ;
_c31 cm.
336 _ardacontent
_btexto
_2txt
337 _ardamedia
_bsin mediación
_2n
338 _ardacarrier
_bvolumen
_2nc
500 _aIncluye bibliografía y notas al pié de páginas.
590 _aInventariado, 2022 / DG
700 1 _aAndújar Persinal, Carlos,
_d1956-
_97737
910 _aDG
942 _2ddc
_cLBS1
999 _c52889
_d52889